| 000 | 01809cam a22003374a 4500 | ||
|---|---|---|---|
| 001 | 68705597 | ||
| 003 | OCoLC | ||
| 005 | 20150408114118.0 | ||
| 008 | 060503s2007 paua b 001 0 eng | ||
| 010 | _a2006014892 | ||
| 020 | _a0781754879 (alk. paper) | ||
| 024 | 3 | _a9780781754873 | |
| 035 | _a.b62401518 | ||
| 040 | _aMa-Un | ||
| 042 | _apcc | ||
| 049 | _aOS2A | ||
| 050 | 0 | 0 |
_aRM735 _b.C66 2007 |
| 060 | 1 | 0 |
_aWB 555 _bC745 2007 |
| 082 | 0 | 0 |
_a615.8515 _222 |
| 245 | 0 | 0 |
_aConditions in occupational therapy : _beffect on occupational performance / _ceditors, Ben J. Atchison, Diane K. Dirette. |
| 250 | _a3rd ed. | ||
| 260 |
_aPhiladelphia : _bLippincott Williams & Wilkins, _cc2007. |
||
| 300 |
_axii, 385 p. : _bill. ; _c26 cm. |
||
| 504 | _aIncludes bibliographical references and index. | ||
| 505 | 0 | _aThinking like an OT / Ruth Hansen, Diane K. Dirette, Ben J. Atchison -- Cerebral palsy / Mary Steichen Yamamoto -- Autism spectrum disorders / Kathryn Shangraw -- Mental retardation / Ben J. Atchison -- Schizophrenia / Yvonne Russell Teske -- Mood disorders / Thomas Zelnick and Valerie Howells -- Anxiety disorders / Christine K. Urish -- Dementia / Joyce Fraker -- Cerebrovascular accident / Paula W. Jamison and David P. Orchanian -- Cardiopulmonary disorders / Jacqueline Eckert -- Diabetes / Joanne Phillips Estes -- Traumatic brain injury / Gerry E. Conti -- Burns / Elizabeth L. Phillips -- Progressive neurological disorders / Diane K. Dirette -- Rheumatoid arthritis / David P. Orchanian -- Spinal cord injury / Laura V. Miller -- Orthopaedics / Heather (Gallew) Javaherian. | |
| 650 | 0 |
_aOccupational therapy. _921387 |
|
| 650 | 0 |
_aOccupational therapy _vCase studies. _921388 |
|
| 700 | 1 |
_aAtchison, Ben. _921389 |
|
| 700 | 1 |
_aDirette, Diane K. _921390 |
|
| 942 |
_2ddc _cBOOK |
||
| 999 |
_c27927 _d262427 |
||